Violence in early modern Europe, 1500-1800

Αποθηκεύτηκε σε:
Λεπτομέρειες βιβλιογραφικής εγγραφής
Κύριος συγγραφέας: Ruff, Julius R. (Julius Ralph)
Μορφή: Βιβλίο
Γλώσσα:English
Δημοσίευση: Cambridge : Cambridge University Press, 2004, 2001
Σειρά:New approaches to European history ; ; 22
Θέματα:
Ετικέτες: Προσθήκη ετικέτας
Δεν υπάρχουν, Καταχωρήστε ετικέτα πρώτοι!

MARC

LEADER 00000nam a2200000 i 4500
001 1/85679
008 080520r20042001 eng d
020 |a 978-0-521-59894-1 
035 |l 10097478 
040 |a GR-MY-UA  |b gre  |e aacr 
041 0 |a eng 
082 0 |a 303.6094  |2 (22) 
100 1 |a Ruff, Julius R.  |q (Julius Ralph) 
245 1 0 |a Violence in early modern Europe, 1500-1800 /  |c Julius R. Ruff 
260 |a Cambridge :   |b Cambridge University Press,   |c 2004, 2001 
300 |a xii, 269 σ.;  |b εικ. ;  |c 23 εκ. 
490 1 |a New approaches to European history  |v ; 22 
504 |a Ευρετήριο: σ. 254-269 
650 0 0 |a Violence  |z Europe  |x History. 
650 0 0 |a Political violence  |z Europe  |x History. 
650 0 0 |a Violent crimes  |z Europe  |x History. 
651 0 |a Europe  |x History. 
651 0 |a Europe  |x History  |y 1492- 
830 0 |a New approaches to European history ;  |v ; 22 
852 |a INST  |b LESVOS  |e 20080520  |h 303.6094 RUF  |p 005100042538  |q 005100042538  |t BK  |y 0 
901 |a BIBL1-2008-2 
909 |a Λ  |b 144034 
922 |a 1ΕΛΗ  |b 200801  |c ΕΠΕΑΕΚ2/ΤΚΑ  |d ΠΑΠΑΣΩΤΗΡΙΟΥ 
970 |a ΧΑΤΖΗΜΙΧΑΗΛ  |b ΜΑΡΙΑ  |z 2008/05/20